000 01229nam a2200325 a 4500
001 000112152
003 CHAP
005 20220329144248.0
008 151208s2015 mx |sm |||||||spa d
010 _a108613
011 _a109585
040 _cCHAP
090 _aTesis
100 0 0 _aMartínez Hernández, Josefa.
_972156
245 1 3 _aEl desarrollo de la investigación en los alumnos de la maestria en procesos educativosde la Universidad Autónoma Chapingo
_h[En línea]
_cpor Josefa Martínez Hernández.
260 _aChapingo, Méx. :
_bEl autor,
_c2015.
500 _aPara ver el contenido del material haga clic en la liga
502 _aTesis (Maestra en Procesos Educativos) -- UACH. Centro de Educación Continua
590 _aE11695DGD
_b10
_c20170209
_lUCH01
_h1435
590 _aE5652GLJ
_b05
_c20151208
_lUCH01
_h1336
590 _aE5652GLJ
_b05
_c20151208
_lUCH01
_h1337
590 _aE5652GLJ
_b05
_c20151209
_lUCH01
_h0809
650 1 4 _aAprendizaje, Teoría del
_96373
650 1 4 _aAprendizaje
_xEvaluación
_96371
650 1 4 _aEstudiantes
_xAptitud de aprendizaje.
_9130310
856 _aFinding aid
_uhttp://10.13.5.2/tesis/sist112152.pdf
_zTeclea aquí
901 _aBK
942 _cTESIS
942 _n0
999 _c108613
_d108613